000 00437nam a22001577a 4500
005 20251108172324.0
008 250721s1984 xx 000 0 ara d
082 1 4 _a332.1/صبح
100 1 _aقريصة، صبحي تادرس
245 1 0 _aالنقود و البنوك /
264 1 _aبيروت :
_bدار النهضة العربية،
_c1984.
300 _a263ص
650 1 7 _aالمالية
942 _2ddc
_cBK
999 _c76161
_d76161